| 000 | 00433nam a2200145Ia 4500 | ||
|---|---|---|---|
| 008 | 230519s9999 xx 000 0 und d | ||
| 020 | _a1-56053-458-3 | ||
| 041 | _aeng | ||
| 082 | _aMS/616.1/PIF/DB1001 | ||
| 100 |
_aPifarre Roque & Scanlon Patrick _9180593 |
||
| 245 | _aEvidence-based Management of the Acute Coronary Syndromes | ||
| 260 |
_bHanley and Belfus _aPhailadelphia _c2000 |
||
| 300 | _a477p | ||
| 999 |
_c159585 _d159585 |
||